| 000 | 00000nam 2200000zi 4500 |
| 001 | 9.929247 |
| 003 | CaOODSP |
| 005 | 20240415133009 |
| 006 | m o d f |
| 007 | cr cn||||||||| |
| 008 | 231020t20242024onca o f000 0 eng d |
| 020 | |a9780660684017 |
| 040 | |aCaOODSP|beng|erda|cCaOODSP |
| 043 | |an-cn--- |
| 086 | 1 |aFs23-549/4-8-2023E-PDF |
| 245 | 02|aA changing deep-water habitat in the estuary and northern Gulf of St. Lawrence. |
| 264 | 1|a[Ottawa] : |bFisheries and Oceans Canada = Pêches et océans Canada, |c[2024] |
| 264 | 4|c©2024 |
| 300 | |a1 online resource (1 page) : |bcolour illustrations |
| 336 | |atext|btxt|2rdacontent |
| 337 | |acomputer|bc|2rdamedia |
| 338 | |aonline resource|bcr|2rdacarrier |
| 500 | |aIssued also in French under title: Un habitat en eaux profondes changeant dans l’estuaire et le nord du golfe du Saint-Laurent. |
| 500 | |aCaption title. |
| 650 | 0|aMarine habitats|zQuébec (Province)|zSaint Lawrence River Estuary. |
| 650 | 0|aMarine habitats|zSaint Lawrence, Gulf of. |
| 650 | 0|aMarine ecosystem health|zQuébec (Province)|zSaint Lawrence River Estuary. |
| 650 | 0|aMarine ecosystem health|zSaint Lawrence, Gulf of. |
| 710 | 1 |aCanada. |bDepartment of Fisheries and Oceans, |eissuing body. |
| 775 | 08|tUn habitat en eaux profondes changeant dans l’estuaire et le nord du golfe du Saint-Laurent.|w(CaOODSP)9.929249 |
| 856 | 40|qPDF|s4.35 MB|uhttps://publications.gc.ca/collections/collection_2024/mpo-dfo/Fs23-549-4-8-2023-eng.pdf |
| 856 | 4 |qHTML|sN/A|uhttps://www.dfo-mpo.gc.ca/about-notre-sujet/publications/infographics-infographies/soto-rceo/2022/3-deep-water-eaux-profondes-eng.html |